| 000 | 00950nam a22002537a 4500 | ||
|---|---|---|---|
| 005 | 20231123110024.0 | ||
| 010 | _a1617EN ENG-114489 ENG-138452 | ||
| 020 |
_a9788120351615 _c595.00 |
||
| 035 | _aB-653312-323 EN-121984 | ||
| 035 | _aEN-98021 | ||
| 037 |
_bABC _adpl |
||
| 037 | _bDBAD/PUB | ||
| 082 | _a658.15 | ||
| 100 |
_aAhuja, Narender L. _959003 |
||
| 245 |
_aCorporate finance / _cby Narender L. Ahuja, Varun Dawar [and] Rakesh Arrawatia |
||
| 260 |
_aDelhi _bPHI Learning _c2016 |
||
| 270 |
_aRimjhim House, 111, Patparganj Industrial Estate _bDelhi _e110092 |
||
| 300 |
_axvii,537p. _c28cm(pbk) _bill. |
||
| 500 | _aIncludes index | ||
| 700 |
_aDawar, Varun _959004 |
||
| 700 |
_aArrawatia, Rakesh _959005 |
||
| 942 |
_2ddc _cEN _mAHU _h658.15 |
||
| 999 |
_c98292 _d98292 |
||